Kỹ thuật miêu tả thời gian nghệ thuật và không gian nghệ thuật trong chiếc lá cuối cùng của O.Henri
Những vấn đề chung. Thời gian nghệ thuật và không gian nghệ thuật trong chiếc lá cuối cùng của O.Henri. Hiệu quả của việc sử dụng thời gian nghệ thuật và không gian nghệ thuật
Gardado en:
| Autor Principal: | |
|---|---|
| Outros autores: | |
| Formato: | Libro |
| Idioma: | Vietnamese |
| Publicado: |
Đại học Đà Nẵng
Đại học sư phạm
2008
|
| Những chủ đề: | |
| Các nhãn: |
Engadir etiqueta
Sen Etiquetas, Sexa o primeiro en etiquetar este rexistro!
|
| Thư viện lưu trữ: | Mạng thư viện Đại học Đà Nẵng |
|---|
| LEADER | 01525nam a2200349 4500 | ||
|---|---|---|---|
| 001 | 000010940 | ||
| 003 | 7164 | ||
| 005 | 20111223131201.0 | ||
| 008 | 111223s2008 viesd | ||
| 041 | |a vie | ||
| 072 | |a Khóa luận tốt nghiệp | ||
| 082 | |a 813 |b BU-H | ||
| 100 | |a Bùi Thị Huyền | ||
| 245 | |a Kỹ thuật miêu tả thời gian nghệ thuật và không gian nghệ thuật trong chiếc lá cuối cùng của O.Henri |c Bùi Thị Huyền | ||
| 260 | |a Đại học Đà Nẵng |b Đại học sư phạm |c 2008 | ||
| 300 | |a 67tr. |c 29 cm | ||
| 500 | |a Khóa luận tốt nghiệp. Chuyên ngành Cử nhân văn học | ||
| 520 | |a Những vấn đề chung. Thời gian nghệ thuật và không gian nghệ thuật trong chiếc lá cuối cùng của O.Henri. Hiệu quả của việc sử dụng thời gian nghệ thuật và không gian nghệ thuật | ||
| 653 | |a Chiếc lá cuối cùng | ||
| 653 | |a Khóa luận tốt nghiệp | ||
| 653 | |a Nghệ thuật | ||
| 700 | |a Đặng Thị Lan |c Th.s |e Hướng dẫn | ||
| OWN | |a LSP | ||
| AVA | |a UDN50 |b LSP |d 813 BU-H |e available |t Error 5001 Not defined in file expand_doc_bib_avail. |f 1 |g 0 |h N |i 0 |k 1 | ||
| 999 | |a From the UDN01 | ||
| AVA | |a UDN50 |b LSP |d 813 BU-H |e available |t Error 5001 Not defined in file expand_doc_bib_avail. |f 1 |g 0 |h N |i 0 |k 1 | ||
| TYP | |a Monograph | ||
| TYP | |a Printed language | ||
| 980 | |a Mạng thư viện Đại học Đà Nẵng | ||